Peter Pan Ölmeli (Record no. 696903)

MARC details
000 -LEADER
sabit uzunluktaki kontrol alanı 00230nam a2200097Ia 4500
001 - KONTROL NUMARASI
kontrol alanı 696903
005 - EN SON İŞLEMİN TARİH VE ZAMANI
kontrol alanı 20250826162021.0
008 - SABİT-UZUNLUKTA VERİ ÖĞELERİ--GENEL BİLGİ
sabit uzunluktaki kontrol alanı 250824s9999 xx 000 0 und d
245 #0 - ESER / YAZAR
ESER ADI Peter Pan Ölmeli
Yazar Adı John Verdon
260 ## - YAYIN, DAĞITIM, VB.
YAYIN EVİ KORİDOR
Holdings
Düşüm durumu Kayıp durumu Hasar Durumu Ödünç verilmez Ana kütüphane Geçerli Kütüphane Edinilen tarih Toplam ödünç verme sayısı Barkod Son görüntüleme tarihi Fiyatın geçerli olmaya başladığı tarih Koha materyal türü
        ŞEHİT UFUK BAYSAN ANADOLU LİSESİ ŞEHİT UFUK BAYSAN ANADOLU LİSESİ 24.08.2025   10201630 26.08.2025 26.08.2025 Books